Porattunatakavum mattum/ (Record no. 143153)

000 -LEADER
fixed length control field 00435nam a22001451a 4500
082 ## - DEWEY DECIMAL CLASSIFICATION NUMBER
Classification number M200 7
Item number BHA/P
100 ## - MAIN ENTRY--PERSONAL NAME
Personal name Bhargavan Pillai G
9 (RLIN) 180373
245 ## - TITLE STATEMENT
Title Porattunatakavum mattum/
Statement of responsibility, etc. by Bhargavan Pillai G
260 ## - PUBLICATION, DISTRIBUTION, ETC.
Place of publication, distribution, etc. Kottayam:
Name of publisher, distributor, etc. Sahitya Pravartaka Cooperative Society,
Date of publication, distribution, etc. 2008.
300 ## - PHYSICAL DESCRIPTION
Extent 93p.
650 ## - SUBJECT ADDED ENTRY--TOPICAL TERM
Topical term or geographic name entry element Drama Malayalam Study
9 (RLIN) 180374
650 ## - SUBJECT ADDED ENTRY--TOPICAL TERM
Topical term or geographic name entry element Literature Malayalam
9 (RLIN) 180375
650 ## - SUBJECT ADDED ENTRY--TOPICAL TERM
Topical term or geographic name entry element Literature
9 (RLIN) 180376
942 ## - ADDED ENTRY ELEMENTS (KOHA)
Koha item type Book
Holdings
Withdrawn status Lost status Damaged status Not for loan Permanent Location Current Location Shelving location Date acquired Cost, normal purchase price Total Checkouts Full call number Barcode Date last seen Date last checked out Price effective from Koha item type
        Sree Sankaracharya University of Sanskrit Sree Sankaracharya University of Sanskrit Stacks 05.10.2019 55.00 4 M200 7 BHA/P 096550 17.07.2025 19.06.2025 05.10.2019 Book